Kliknij stany na mapie - Statystyki

Ogólne statystyki
  • Ten quiz został rozwiązany 12 443 razy
    12 442 od ostatniego zresetowania
  • Średni wynik to 24 z 50
Odpowiedzi na mapie
Odpowiedzi zakodowano w zielono-czerwonej skali na mapie do tego quizu, zgodnie z poniższymi procentami.
 
Statystyki odpowiedzi
Odpowiedź % Poprawnych
Alaska
78%
Hawaje
77%
Kalifornia
77%
Teksas
77%
Floryda
75%
Waszyngton
64%
Nowy Meksyk
63%
Dakota Północna
60%
Dakota Południowa
58%
Rhode Island
56%
Nevada
55%
Montana
52%
Nowy Jork
52%
Arizona
51%
Karolina Północna
51%
New Hampshire
51%
Karolina Południowa
50%
Kolorado
49%
Luizjana
48%
Michigan
48%
Oregon
48%
Vermont
48%
Maine
47%
Pensylwania
46%
Tennessee
46%
Utah
46%
Wirginia
46%
Georgia
45%
Idaho
45%
Kentucky
45%
Connecticut
44%
Illinois
44%
Wyoming
44%
Minnesota
43%
Ohio
43%
Wirginia Zachodnia
43%
Kansas
42%
Oklahoma
42%
Alabama
41%
New Jersey
41%
Indiana
38%
Maryland
38%
Missisipi
37%
Nebraska
37%
Iowa
36%
Massachusetts
36%
Missouri
36%
Wisconsin
36%
Delaware
34%
Arkansas
33%
Nie znaleziono quizów pasujących do podanych kryteriów
Rozkład punktacji
Procent ludzi z każdym wynikiem
Percentyl według liczby udzielonych odpowiedzi
Twoja historia wyników
Nie rozwiązałeś tego quizu od ostatniego zresetowania